[Event "Manizales op 26th"]
[Site "Manizales"]
[Date "2017.01.07"]
[Round "6"]
[White "Marino Martinez, Edgar Orlando"]
[Black "Pelaez, Hernan"]
[Result "1-0"]
[WhiteElo "1609"]
[BlackElo "1758"]
[PlyCount "101"]
[EventDate "2017.01.04"]
[EventType "swiss"]
[EventRounds "9"]
[EventCountry "COL"]
[SourceTitle "CBM 176 Extra"]
[Source "ChessBase"]
[SourceDate "2017.03.02"]
[SourceVersion "1"]
[SourceVersionDate "2017.03.02"]
[SourceQuality "1"]

1. d4 g6 2. e4 Bg7 3. c4 c5 4. d5 d6 5. Bd3 Nf6 6. Nc3 0-0 7. f3 Nbd7 8. Be3 Ne5 9. Be2 a6 10. Qd2 Re8 11. h3 Nh5 12. f4 Ng3 13. Rh2 Nd7 14. Bd3 e6 15. Kf2 Qh4 16. Nf3 Nxe4+ 17. Kg1 Nxd2 18. Nxh4 Nxc4 19. Bxc4 exd5 20. Nxd5 b5 21. Be2 Bb7 22. Bf3 Rab8 23. Kf2 Bxb2 24. Rd1 c4 25. Nc7 Rec8 26. Bxb7 Rxb7 27. Nxa6 Nf6 28. Nb4 c3 29. Nc2 b4 30. Kf3 d5 31. g4 Ra8 32. g5 Ne8 33. Rxd5 Rbb8 34. Bc5 Nc7 35. Rd7 Na6 36. Be7 Ba3 37. Nxa3 bxa3 38. Bxa3 Nb4 39. Bxb4 Rxb4 40. Rc2 Ra3 41. Rc7 Rb2 42. R7xc3 Rxc3+ 43. Rxc3 Rxa2 44. Ng2 Ra1 45. Ne3 Rh1 46. Kg2 Ra1 47. Nd5 h6 48. Nf6+ Kf8 49. Rc8+ Ke7 50. Re8+ Kd6 51. gxh6 1-0

[Event "Manizales op 26th"]
[Site "Manizales"]
[Date "2017.01.04"]
[Round "1"]
[White "Marino Martinez, Edgar Orlando"]
[Black "Mesa, Francisco Alonso Jr"]
[Result "0-1"]
[WhiteElo "1609"]
[BlackElo "1924"]
[PlyCount "44"]
[EventDate "2017.01.04"]
[EventType "swiss"]
[EventRounds "9"]
[EventCountry "COL"]
[SourceTitle "CBM 176 Extra"]
[Source "ChessBase"]
[SourceDate "2017.03.02"]
[SourceVersion "1"]
[SourceVersionDate "2017.03.02"]
[SourceQuality "1"]

1. d4 Nf6 2. c4 g6 3. Nc3 Bg7 4. e4 d6 5. f3 0-0 6. Be3 c6 7. Qd2 Qc7 8. h4 Nh5 9. Nge2 f5 10. Bh6 e5 11. Bxg7 Qxg7 12. 0-0-0 f4 13. Rg1 Na6 14. g4 Nf6 15. c5 exd4 16. Nxd4 Nxc5 17. Bc4+ d5 18. exd5 b5 19. Be2 b4 20. Nb1 Nxd5 21. Bc4 Kh8 22. Nxc6 Ne3 0-1